Colorful Songs - Statistics

General Stats
  • This quiz has been taken 33 times
  • The average score is 6 of 15
Answer Stats
Hint Answer % Correct
Purple Rain Prince
91%
Yellow Coldplay
78%
Goodbye Yellow Brick Road Elton John
75%
Brown Eyed Girl Van Morrison
63%
Pink Pony Club Chappell Roan
47%
Red Taylor Swift
41%
Maroon Taylor Swift
41%
Blue (Da Ba Dee) Eiffel 65
38%
Welcome to the Black Parade My Chemical Romance
38%
Golden Hour JVKE
28%
Black and Yellow Wiz Khalifa
28%
redrum 21 Savage
13%
Red Lights Tiesto
6%
Pink Skies Zach Bryan
3%
Black Water Lillies AURORA
0%
No matching quizzes found
Score Distribution
Percent of People with Each Score
Percentile by Number Answered
Your Score History
You have not taken this quiz